000 00587nam a2200181Ia 4500
999 _c14167
_d14167
003 OSt
005 20201030131713.0
008 190216s9999||||xx |||||||||||||| ||und||
020 _a9780434148325
040 _coclc
082 _a575.016
_bCRA/D
100 _aCrawford, Michael
_95826
245 0 _aThe Driving Force Food Evolution And The Future /
_cMichael Crawford ; David Marsh
260 _bHeinemann Educational Books ,
_c1989.
_aLondon:
300 _a298p
650 _aEnglish Essay-English General
942 _cBK
_2ddc
_h575.016
_iCRA/D
_k575.016
_mCRA/D